000
00292cam a2200133ua 4500
041
_a
eng
_h
082
_a
828.09
_b
CAR/CA
100
_a
Caryle, Themas .
245
_a
Carlyle Essays /
_c
Carlyle.
_h
Textual Documents
300
_a
339 ; .
504
_a
942
_c
BK
999
_c
11994
_d
11994